000 00259nam a22001217a 4500
008 181101b xxu||||| |||| 00| 0 eng d
041 _aeng
080 _a821
100 _a23
101 _aGJU
245 _aThe Merick Manual
_cBondy.F.N
942 _2udc
_cBK
999 _c51391
_d51391